Capitales..... mais pas que - Statistiques

Statistiques générales
  • Ce quiz a été pris 146 fois
    70 depuis la dernière actualisation
  • Le résultat moyen est 5 sur 15
Statistiques - réponses
Phrases Capitale % Correct
Une chanson dont le titre commence par Manhattan Kaboul
68%
C'est un syndrome Stockholm
68%
Nom de famille d'un président américain Washington
67%
On hésite pas à miser Paris
64%
Nom de l'animateur de l'émission Secrets d'Histoire Berne
52%
Ce sont des habitants de la Malaisie Malé
38%
Cela signifie beurre en breton Amman
30%
Prénom féminin fêté le 25 mai Sofia
27%
Équipe en cyclisme Astana
24%
Son compositeur a chanté Beautiful Girls Kingston
24%
C'est une poutre Bamako
20%
Nom de famille d'un pongiste mexicain Madrid
15%
Nom de famille d'un chanteur portugais Lima
12%
Important d'en avoir lors d'une competition Sucre
12%
Synonyme de percher après avoir fumé Rabat
9%
Aucun quiz correspondant
Distribution des résultats
% des personnes avec chaque résultat
Percentile par nombre de réponses
Votre historique - résultats
Vous n’avez pas pris ce quiz depuis la dernière actualisation